000 00958nas a2200313 4500
001 BR0003147
003 BR-BrBNA
005 20231205101917.0
007 ta
008 230509b bl.|||p| |||| 00| 00por d
040 _aBR-BrBNA
_bpor
_cBiblioteca Nacional de Agricultura
041 _a(Pt)
072 _aF04
100 1 _aCavallet, L.E.
100 1 _aPessoa, , A.C. dos S.
100 1 _aHelmich, J.J.
100 1 _aHelmich, P.R.
100 1 _aOst, C.F.
245 1 _aProdutividade do milho em resposta a aplicacao de nitrogenio e inoculacao das sementes com Azospirillum spp.
650 _aMilho
650 _aSemente
650 _aInoculacao
650 _aNitrogenio
650 _aResposta da Planta
650 _aPARANÁ
773 0 _tRevista Brasileira de Engenharia Agricola e Ambiental (Brazil)
_xISSN 1415-4366
_g(Jan-Apr 2000), v. 4(1) p. 129-132
_wBR0003147
909 _a202311
_bLúcia
_c55
_dLúcia Elande
942 _2AGRIS
_n0
_cANA
999 _c164661
_d164661